Ricostruisci la Carriera del Calciatore - Gareth Bale - Statistics

Statistiche generali
  • Questo quiz è stato fatto 11 volte
  • Il punteggio medio è 5 su 6
Statistiche sulle risposte
Hint Risposta % Corretto
2013-2020 Real Madrid
100%
2006-2007 Southampton
100%
2007-2013 Tottenham
100%
2022-2023 Los Angeles FC
73%
2020-2021 Tottenham
73%
2021-2022 Real Madrid
64%
Nessun quiz corrispondente trovato
Distribuzione punteggi
Percentuale di utenti per punteggio
Percentile per numero di risposta
I tuoi punteggi nel tempo
Non hai fatto questo quiz